Peaches - Jack Black (The Super Mario Bros. Movie) Lyrics - Statistics

General Stats
  • This quiz has been taken 2,801 times
  • The average score is 79 of 109
Answer Stats
Answer % Correct
Peach
99%
Peach,
99%
I
92%
Peaches,
92%
Peaches
92%
you
92%
you,
92%
love
88%
a
82%
A
82%
the
71%
and
69%
And
69%
oh
68%
Mario,
63%
so
62%
end
61%
my
60%
Luigi,
58%
me
55%
of
55%
Princess
55%
Donkey
52%
cool
51%
gonna
51%
Kong,
50%
mine,
50%
very
50%
I'm
49%
too
49%
with
49%
make
48%
rule
48%
'til
48%
you're
48%
from
47%
I'll
47%
star,
47%
thousand
45%
we're
45%
keep
44%
line
44%
understand
44%
at
43%
couldn't
42%
for
42%
is
42%
This
42%
Koopas
41%
one
38%
troops
37%
only
36%
true
34%
No matching quizzes found
Score Distribution
Percent of People with Each Score
Percentile by Number Answered
Your Score History
You have not taken this quiz